Historiografía y humanismo en la Roma Antigua
Guardat en:
| Autor principal: | |
|---|---|
| Format: | Llibre |
| Idioma: | espanyol |
| Publicat: |
Santiago
Bravo y Allendes Editores
2014
|
| Edició: | 1a. ed |
| Matèries: | |
| Etiquetes: |
Afegir etiqueta
Sense etiquetes, Sigues el primer a etiquetar aquest registre!
|
MARC
| LEADER | 00000cam a2200000 a 4500 | ||
|---|---|---|---|
| 001 | UCD6731 | ||
| 003 | CL-VaPUC | ||
| 008 | 170113e20140000cl |||||||||||||||||spa|d | ||
| 020 | |a 9789563070699 | ||
| 082 | 0 | 4 | |a 937.02 |b TOR |2 21 |
| 100 | 0 | |a Torres Cernoch, Noelia |e author |9 590535 | |
| 245 | 1 | 0 | |a Historiografía y humanismo en la Roma Antigua |
| 250 | |a 1a. ed | ||
| 300 | |a 142 p | ||
| 942 | |c BK | ||
| 945 | |d 20170113 07:29:00 |a dcastane | ||
| 260 | |a Santiago |b Bravo y Allendes Editores |c 2014 | ||
| 650 | 0 | |a Historia de Roma |9 315349 | |
| 650 | 0 | |a Historia antigua |9 267521 | |
| 650 | 0 | |a Historiografía |9 257871 | |
| 583 | |a last modification |c 20170113 07:29:00 |k Rodrigo Vera | ||
| 999 | |c 366920 |d 366918 | ||
| 952 | |0 0 |1 0 |3 erb |4 0 |6 937_020000000000000_TOR_2014 |7 0 |8 A |9 481562 |a BIBHIS |b BIBHIS |i 5359767 |l 3 |m 2 |o 937.02 TOR 2014 |p 5359767 |r 2025-01-20 |s 2024-01-02 |w 2019-11-24 |y BK |z Catalogado en:20170113 |k HIS | ||